Statistics for Countries with Only 1 Olympic Medal

Click here to take the quiz!

General Stats

  • This quiz has been taken 16 times
  • The average score is 9 of 18

Answer Stats

PopulationAnswer% Correct
8,848,699Togo
79%
3,684,032Eritrea
71%
106,858Tonga
71%
222,382Samoa
64%
1,120,849Djibouti
50%
17,843,908Guatemala
50%
808,726Guyana
50%
44,496,122Iraq
50%
1,299,469Mauritius
50%
46,874,204Sudan
50%
281,625Barbados
43%
22,673,762Burkina Faso
43%
1,251,488Cyprus
43%
2,388,992Gabon
43%
627,082Montenegro
36%
6,780,744Paraguay
36%
17,316,449Senegal
36%
6,430,770Turkmenistan
36%

Score Distribution

Percentile by Number Answered

Percent of People with Each Score

Your Score History

You have not taken this quiz